| 000 | nam a22 a 4500 | ||
|---|---|---|---|
| 999 |
_c1476 _d1476 |
||
| 003 | AKMAL | ||
| 005 | 20170509160306.0 | ||
| 008 | 170509s1999 my 00 eng d | ||
| 020 |
_a9832032180: _cRM90.00 |
||
| 040 | _aAKMAL | ||
| 082 | 0 | 4 |
_a305.6971051 BAO _221 |
| 090 | 0 | 0 |
_a305.6971051 _bBAO |
| 100 | 1 |
_aYusuf, Liu Baojun, _d1963- _92930 |
|
| 245 | 1 | 0 | _aPerkembangan masyarakat China Muslim di dunia |
| 260 |
_aKuala Lumpur : _bPusat Penyelidikan Ensiklopedia Malaysia, _c1999 |
||
| 300 | 0 | 0 |
_aviii, 122ms. : _bil. wrn., 3 peta wrn. _ccm |
| 500 | _aJuga diterbitkan dalam bahasa Inggeris | ||
| 650 | 0 |
_aMuslims _zChina _92931 |
|
| 650 | 0 |
_aMuslims _xConduct of life _zChina _92932 |
|
| 650 | 0 |
_aMuslims _xSocial life and customs _zChina _92933 |
|
| 700 | 0 |
_aZuraidah Ahmad Murad _92934 |
|
| 942 |
_2ddc _cBOOK |
||